000 00368cam a22001217a 4500
008 180718b1965 xxu||||| |||| 00| 0 eng d
082 _aA81x54 In2/61/3/PT1C
100 _aCensus of India 1961
245 _aAssam: subsidiary tables
260 _aDelhi
_bThe Manager of Publications
_c1965
300 _a425p.
440 _aCensus of India 1961. Volume III, Assam. Part-IC
999 _c483846
_d483846